000 00441nam a2200157 i 4500
001 33379
003 ES-MaACL
005 20230906154739.0
007 t|
008 030202s1964 sp ||||1| spa d
100 1 _aBetanzos Santos, Manuel.
_928645
245 1 0 _aArbol amante /
_cManuel Betanzos Santos.
260 _aMadrid :
_b[s.n.,
_c1964] (
_fGráf. Pérez-Galdos)
300 _a49 p. ;
_c20 cm.
852 _aES-MaACL
_j2040-F-9
_bR.55457
999 _c33379
_d33379